000 01008nam a2200265 a 4500
001 420
003 BR-CuiBMT
005 20231108163812.0
008 231106s2021 mgba 000 0 eng d
020 _a9786555181913
040 _aBR-CuiBMT
_cBR-CuiBMT
080 _22007
_a342
090 _a342
_bD598
245 0 0 _aDireito constitucional :
_bdiálogos em homenagem ao 80º aniversário de J. J. Gomes Canotilho /
_cAna Cláudia Nascimento Gomes, Bruno Abergaria, Mariana Rodrigues Canotilho, coordenadores ; prefácio José Manuel Mendes ; [autores Afonso Patrão ... et al.].
260 _aBelo Horizonte :
_bFórum,
_c2021.
300 _a1058 p. :
_bil. ;
_c24 cm
504 _aInclui bibliografia.
650 _aDireito constitucional
_zBrasil
650 _aConstituição (1988)
_zBrasil
700 1 _aGomes, Ana Cláudia Nascimento
_4coord.
700 1 _aAlbergaria, Bruno
_4coord.
700 1 _aCanotilho, Mariana Rodrigues
_4coord.
700 1 _aPatrão, Afonso
_eet al.
_eautores
942 _2udc
_cLV
999 _c420
_d420